000 00230nam a2200097Ia 4500
005 20251222114346.0
008 251222s1900||||xx |||||||||||||| ||spa||
082 _aDVD0060/S79
245 0 _aDefendor: un héroe sin igual:
942 _cDVD
999 _c1033
_d1033